| 000 | 00501nam a2200169 a 4500 | ||
|---|---|---|---|
| 001 | 000035421 | ||
| 005 | 20200930074330.0 | ||
| 008 | 111031s1958 ag 000 0 spa d | ||
| 040 |
_aDO-SdBNP _bspa _cBNPHU |
||
| 082 | _axxxx | ||
| 100 | 1 |
_aMesser, August _961254 |
|
| 245 | 1 | 0 |
_aFilosofía y educación / _cAugust Messer. |
| 250 | _a5a ed. | ||
| 260 |
_aBuenos Aires : _bLosada, _c1958. |
||
| 300 |
_a161 p. ; _c20 cm. |
||
| 590 | _aPerteneció a la biblioteca personal de Juan Isidro Jimenes Grullón | ||
| 999 |
_c34912 _d34912 |
||